1361 1438 1948 1439 1066 1430 1756 1020 1267 1372 1274 1404 1529 1238 1158 1656 1539 1328 1426 1437 1963 1632 1207 1203 1325 1006 1684 1217 1626 1672 1129 1303 1422 1154 1398 1341 1458 1078 1625 1141 1857 1550 1558 1754 1222 1969 1754 1019 1904 1024 1765 1663 1338 1890 1022 1915 1178 1421 1231 1921 1600 1805 1161 1530 1998 1366 1920 1987 1771 1221 1908 1673 1600 1823 1268 1285 1633 1222 1914 1859 1306 1675 1254 1484 1538 1818 1842 1531 1585 1274 1097 1722 1649 1525 1696 1474 1609 1229 1810 BCNSPRNW ULIB Ver.6.0+V

เปลี่ยนเป็นภาษาไทย

Change to English
 แสดงรายละเอียดบรรณานุกรม
  กลับหน้าหลัก

Brief Record : Get Marc (ISO 2709) : E-mail record : QR code < ปิดหน้าต่าง
LEADER : 00000nam 2200000uu 4500
001    13399124056
003     ULIB
008    150106s2554||||th 000 0 tha d
020    9789740720492
060  4 ^aQS4^bจ213ร
100 0  ^aจินนี จอนห์สัน
245 10 ^aร่างกายของมนุษย์ การหายใจ : ร่างกายของเราใช้อากาศให้เป็นประโยชน์ได้อย่างไร /^cโดยจินนี จอนห์สัน เขียน แปลโดย ธเรวัติ วัฒนานุกูลกิจ
246 32 ^aร่างกายของเราใช้อากาศให้เป็นประโยชน์ได้อย่างไร
250    ^aพิมพ์ครั้งที่ 4
260    ^aกรุงเทพฯ :^bไทยวัฒนาพานิช,^c2554
650  7 ^a การหายใจ
650  7 ^a ร่างกายของมนุษย์
650  7 ^a อวัยวะสำหรับการหายใจ
700 0  ^a ธรรมนูญ โรจนะบุรานนท์,^eผู้แปล
945    ^p330^l0^i037987
945    ^p330^l0^i037988
945    ^p330^l0^i037989
945    ^p330^l0^i037990
945    ^p330^l0^i037991
999    ^aเกษร โพธิ์สุวรรณ
รายการนี้ยังไม่มีแท็ก
คุณยังไม่ได้ล็อกอิน คุณสามารถมีกิจกรรมร่วมกับเว็บไซต์ได้ แต่ต้องล็อกอินก่อน ::
  ล็อกอิน

รายการสื่อสารสนเทศ

ลำดับที่ ประเภท เลขเรียก/บาร์โค้ด สถานที่ สถานะ
1. วิทยาศาสตร์การแพทย์ และสุขภาพ
หนังสือสำรอง
สถานะ=หนังสือสำรอง
QS4 จ213ร ฉ.1 
  Barcode: 037987
ห้องสมุดวิทยาเขตสวรรค์ประชารักษ์
►ส่วนจัดเก็บหนังสือเก่า สปร
บนชั้น
  ขอยืม
2. วิทยาศาสตร์การแพทย์ และสุขภาพ
วิทยาศาสตร์การแพทย์ และสุขภาพ
QS4 จ213ร ฉ.2 
  Barcode: 037988
ห้องสมุดวิทยาเขตสวรรค์ประชารักษ์
►ส่วนจัดเก็บหนังสือเก่า สปร
บนชั้น
  ขอยืม
3. วิทยาศาสตร์การแพทย์ และสุขภาพ
วิทยาศาสตร์การแพทย์ และสุขภาพ
QS4 จ213ร ฉ.3 
  Barcode: 037989
ห้องสมุดวิทยาเขตสวรรค์ประชารักษ์
►ส่วนจัดเก็บหนังสือเก่า สปร
บนชั้น
  ขอยืม
4. วิทยาศาสตร์การแพทย์ และสุขภาพ
วิทยาศาสตร์การแพทย์ และสุขภาพ
QS4 จ213ร ฉ.4 
  Barcode: 037990
ห้องสมุดวิทยาเขตสวรรค์ประชารักษ์
►ส่วนจัดเก็บหนังสือเก่า สปร
บนชั้น
  ขอยืม
5. วิทยาศาสตร์การแพทย์ และสุขภาพ
วิทยาศาสตร์การแพทย์ และสุขภาพ
QS4 จ213ร ฉ.5 
  Barcode: 037991
ห้องสมุดวิทยาเขตสวรรค์ประชารักษ์
►ส่วนจัดเก็บหนังสือเก่า สปร
บนชั้น
  ขอยืม

รายการใกล้เคียง
    ผู้แต่ง [จินนี จอนห์สัน]

    หัวเรื่อง [การหายใจ]
    หัวเรื่อง [ร่างกายของมนุษย์]
    หัวเรื่อง [อวัยวะสำหรับการหายใจ]

BibComment


ยังไม่เคยถูกคอมเมนท์

คอมเมนท์ทรัพยากรรายการนี้
  คอมเมนท์: ร่างกายของมนุษย์..


 Copyright 2026. Bcnsprnw @Library